000 00261nam a2200097Ia 4500
001 794440
005 20250826170708.0
008 250824s9999 xx 000 0 und d
245 0 _aHALİME KAPTAN
_cRIFAT ILGAZ
260 _bTÜRKİYE İŞ BANKASI KÜLTÜR YAYINLARI
999 _c794440
_d794440